[Event "Mecklenburg VP-ch Seniors op 06th"]
[Site "Plau am See"]
[Date "2006.10.12"]
[Round "9"]
[White "Hertel, Karl Heinz"]
[Black "Worm, Alfred"]
[Result "0-1"]
[WhiteElo "1417"]
[BlackElo "1684"]
[PlyCount "54"]
[EventDate "2006.10.04"]
[EventType "swiss"]
[EventRounds "9"]
[EventCountry "GER"]
[SourceTitle "EXT 2022"]
[Source "ChessBase"]
[SourceDate "2021.10.06"]
[SourceVersion "1"]
[SourceVersionDate "2021.10.06"]
[SourceQuality "1"]

1. e4 g6 2. d4 Bg7 3. Nf3 d6 4. Bc4 e6 5. c3 Ne7 6. Be3 0-0 7. 0-0 d5 8. exd5 exd5 9. Bd3 Bf5 10. Bg5 Bxd3 11. Qxd3 h6 12. Bh4 Nd7 13. Re1 Nf6 14. Nbd2 Nf5 15. Bxf6 Bxf6 16. Ne5 Qd6 17. f4 Bg7 18. b4 Rfe8 19. Qf3 Re6 20. Re2 a5 21. bxa5 Rxa5 22. Nb3 Ra3 23. Rb2 Qb6 24. Rab1 Bxe5 25. Nc5 Bxd4+ 26. cxd4 Rxf3 27. Rxb6 cxb6 0-1

[Event "Mecklenburg VP-ch Seniors op 06th"]
[Site "Plau am See"]
[Date "2006.10.06"]
[Round "3"]
[White "Brandt, Fred"]
[Black "Hertel, Karl Heinz"]
[Result "1/2-1/2"]
[WhiteElo "1691"]
[BlackElo "1417"]
[PlyCount "54"]
[EventDate "2006.10.04"]
[EventType "swiss"]
[EventRounds "9"]
[EventCountry "GER"]
[SourceTitle "EXT 2022"]
[Source "ChessBase"]
[SourceDate "2021.10.06"]
[SourceVersion "1"]
[SourceVersionDate "2021.10.06"]
[SourceQuality "1"]

1. d4 d5 2. Nf3 Nd7 3. e3 e6 4. Bd3 c5 5. c3 c4 6. Bc2 Be7 7. Nbd2 Ngf6 8. 0-0 0-0 9. e4 dxe4 10. Nxe4 Nb6 11. Qe2 Bd7 12. Ne5 Rc8 13. Bg5 Nbd5 14. Nxc4 Bb5 15. Bd3 Bxc4 16. Nxf6+ Bxf6 17. Bxf6 Bxd3 18. Qxd3 Qxf6 19. f4 Qg6 20. f5 exf5 21. Rxf5 Ne7 22. Rf3 Qxd3 23. Rxd3 Rfe8 24. Rf3 Ng6 25. Raf1 Rc7 26. Rg3 Rce7 27. h4 h5 1/2-1/2

[Event "Mecklenburg VP Seniors op 10th"]
[Site "Plau am See"]
[Date "2006.04.04"]
[Round "2"]
[White "Reetz, Horst"]
[Black "Hertel, Karl Heinz"]
[Result "1-0"]
[WhiteElo "1743"]
[BlackElo "1409"]
[PlyCount "39"]
[EventDate "2006.04.03"]
[EventType "swiss"]
[EventRounds "7"]
[EventCountry "GER"]
[SourceTitle "EXT 2007"]
[Source "ChessBase"]
[SourceDate "2006.11.23"]
[SourceVersion "1"]
[SourceVersionDate "2006.11.23"]
[SourceQuality "1"]

1. e4 e5 2. Nf3 Nc6 3. Bb5 Nd4 4. Bc4 Nxf3+ 5. Qxf3 Nf6 6. d3 c6 7. Bg5 Be7 8. Bxf6 Bxf6 9. Nc3 0-0 10. 0-0 a6 11. a4 b6 12. Rfe1 Bb7 13. Bb3 b5 14. a5 Be7 15. Qf5 Qc7 16. Re3 Bb4 17. Rh3 g6 18. Qf6 Rae8 19. Qg5 h5 20. Qxg6+ 1-0

[Event "Mecklenburg VP Seniors op 09th"]
[Site "Plau am See"]
[Date "2005.03.19"]
[Round "6"]
[White "Otto, Wilfried"]
[Black "Hertel, Karl Heinz"]
[Result "1-0"]
[WhiteElo "1300"]
[BlackElo "1342"]
[PlyCount "75"]
[EventDate "2005.03.14"]
[EventType "swiss"]
[EventRounds "7"]
[EventCountry "GER"]
[SourceTitle "EXT 2006"]
[Source "ChessBase"]
[SourceDate "2005.11.24"]
[SourceVersion "1"]
[SourceVersionDate "2005.11.24"]
[SourceQuality "1"]

1. e4 c5 2. f4 e6 3. Nf3 Be7 4. Nc3 a6 5. Bc4 Bh4+ 6. Nxh4 Qxh4+ 7. g3 Qe7 8. a4 b6 9. d3 Bb7 10. Be3 Nc6 11. Bb3 Qd6 12. Ne2 Qc7 13. Bd2 Nge7 14. Bc3 0-0 15. d4 cxd4 16. Nxd4 Na7 17. Qg4 Ng6 18. 0-0-0 Bxe4 19. Rhe1 d5 20. h4 f5 21. Qg5 Qf7 22. h5 Ne7 23. Nxe6 h6 24. Qxg7+ Qxg7 25. Nxg7 b5 26. Nxf5 Rxf5 27. Rxe4 bxa4 28. Ba2 Kf8 29. Re6 Nac6 30. Rde1 Rxh5 31. Rf6+ Ke8 32. Rxc6 Kd7 33. Rce6 Nc6 34. g4 Rh3 35. Bxd5 Rc8 36. Rd1 Nd8 37. Rxa6 a3 38. Bg2+ 1-0

[Event "Mecklenburg VP-ch Seniors 2nd"]
[Site "Sparow"]
[Date "2002.09.17"]
[Round "5"]
[White "Garbe, Eckhard"]
[Black "Hertel, Karl Heinz"]
[Result "0-1"]
[WhiteElo "1367"]
[BlackElo "1428"]
[PlyCount "78"]
[EventDate "2002.09.??"]
[EventType "swiss"]
[EventRounds "9"]
[EventCountry "GER"]
[SourceTitle "EXT 2006"]
[Source "ChessBase"]
[SourceDate "2005.11.24"]
[SourceVersion "1"]
[SourceVersionDate "2005.11.24"]
[SourceQuality "1"]

1. d4 e6 2. c4 d5 3. Nf3 Nf6 4. Nc3 Bb4 5. a3 Ba5 6. b4 Ne4 7. Bb2 c6 8. Qc2 Bc7 9. Qd3 Nxc3 10. Qxc3 Nd7 11. e3 0-0 12. Bd3 Re8 13. 0-0 Nf6 14. Rac1 a6 15. Rfe1 a5 16. b5 cxb5 17. cxb5 Bd6 18. Qc2 Bd7 19. Qb1 Qe7 20. a4 g6 21. Re2 b6 22. Rec2 Rec8 23. h3 Rxc2 24. Rxc2 Rc8 25. Rxc8+ Bxc8 26. Qc2 Qd7 27. Nd2 Bb4 28. Nf3 Bd6 29. Nd2 Bb7 30. f3 Qe7 31. e4 dxe4 32. Nxe4 Nxe4 33. Bxe4 Bxe4 34. fxe4 Qh4 35. e5 Bb4 36. Qf2 Qe4 37. Bc1 Qb1 38. Qf1 Qc2 39. Bh6 Bd2 0-1